| 000 | 00940nam a2200277 a 4500 | ||
|---|---|---|---|
| 005 | 20191224041806.0 | ||
| 008 | 160228s2003 ck a gr|||| 000 0 spa d | ||
| 020 | _a9586981002 | ||
| 040 |
_aCO-BoIAVH _cCO-BoIAVH |
||
| 041 | 0 | _aspa | |
| 044 | _ack | ||
| 082 | 0 | 4 |
_a333.79 _bP79g |
| 100 | 1 | _aPongutá Hurtado, Juan José | |
| 245 | 1 | 0 |
_aGuía para el manejo de energías alternativas / _cConvenio Andrés Bello |
| 260 |
_aBogotá : _bConvenio Andrés Bello, _c2003. |
||
| 300 |
_a47 páginas : _bIlustraciones ; _c28 x 21 cm. |
||
| 490 | 0 |
_aGuías agroindustriales de las UPAR; _v14 |
|
| 500 | _aIncluye glosario: páginas 37-38. | ||
| 504 | _aIncluye referencias bibliográficas: página 35. | ||
| 650 | 1 | 6 | _aEnergías alternativas |
| 650 | 2 | 4 | _aEnergía hidráulica |
| 650 | 2 | 4 | _aEnergía eólica |
| 650 | 2 | 4 | _aEnergía solar |
| 710 | 2 | _aConvenio Andrés Bello | |
| 942 |
_cLIBRO _2ddc |
||
| 999 |
_c5473 _d5473 |
||